000
00287nam a22001337a 4500
008
180220b xxu||||| |||| 00| 0 eng d
020
_a
9781880156063
041
_a
eng
080
_a
311
100
_a
55
101
_a
STA
245
_a
Basic statistics
_c
Kiemele,M.J
942
_2
udc
_c
BK
999
_c
42921
_d
42921